[Event "SV Jedesheim - Heilbronner SV 2"]
[Site "?"]
[Date "2024.02.18"]
[Round "6.4"]
[White "Kranzl, Julian"]
[Black "Tschlatscher, Thomas"]
[Result "0-1"]
[WhiteElo "2251"]
[BlackElo "2197"]
[PlyCount "146"]
[EventDate "2024.??.??"]

1. Nf3 d5 2. g3 Nf6 3. Bg2 e6 4. O-O Be7 5. d4 O-O 6. c4 dxc4 7. Qc2 a6 8. a4 Bd7 9. Qxc4 Bc6 10. Bg5 Nbd7 11. Nbd2 h6 12. Bxf6 Nxf6 13. Rfd1 a5 14. e3 Ra6 15. Qc2 Bb4 16. Bf1 Bxd2 17. Nxd2 Ra8 18. f3 Nd5 19. Nc4 Nb4 20. Qf2 Qe7 21. Ne5 Rfd8 22. e4 Be8 23. b3 Nc6 24. Nc4 Qf6 25. e5 Qe7 26. Rd2 Nb4 27. f4 Bc6 28. f5 Qg5 29. f6 g6 30. Ne3 Nd5 31. Re1 Nxe3 32. Rxe3 Rd7 33. h4 Qf5 34. Qe1 Qg4 35. Be2 Qf5 36. Bd3 Qg4 37. Be2 Qh3 38. Bf3 Rad8 39. Bxc6 bxc6 40. Re4 g5 41. hxg5 hxg5 42. Qe3 Qf5 43. Rf2 Qg6 44. Rg4 Kf8 45. Rxg5 Qb1+ 46. Rf1 Qh7 47. Rg4 Rd5 48. Rh4 Qg8 49. Qh6+ Ke8 50. Qg7 Kd7 51. Rh7 Kc8 52. Rf4 c5 53. Qxg8 Rxg8 54. Rg7 Rf8 55. dxc5 Rxe5 56. c6 Kb8 57. b4 Ka7 58. b5 Kb6 59. g4 Re2 60. g5 e5 61. Rf2 Re4 62. Kf1 Rxa4 63. Re2 Rf4+ 64. Ke1 a4 65. Rxe5 a3 66. Re2 Ra4 67. Ra2 Rh8 68. Rxf7 Rh1+ 69. Kf2 Rh2+ 70. Kg3 Rxa2 71. g6 Rc2 72. Re7 Rc3+ 73. Kh2 Rh4+ 0-1

[Event "SV Jedesheim - Heilbronner SV 2"]
[Site "?"]
[Date "2024.02.18"]
[Round "6.5"]
[White "Dudek, Richard"]
[Black "Anistratov, Dmitriy"]
[Result "0-1"]
[WhiteElo "2193"]
[BlackElo "2259"]
[PlyCount "74"]
[EventDate "2024.??.??"]

1. e4 d6 2. d4 Nf6 3. Nc3 e5 4. Nf3 Nbd7 5. Bc4 Be7 6. O-O O-O 7. a4 a5 8. Qe2 c6 9. b3 exd4 10. Nxd4 Ne5 11. f3 Re8 12. Rd1 d5 13. exd5 Bc5 14. Ba3 Bxa3 15. Rxa3 Neg4 16. fxg4 Rxe2 17. Bxe2 Bxg4 18. Raa1 cxd5 19. h3 Bxe2 20. Ncxe2 Ne4 21. Rd3 h5 22. Rf1 g6 23. g3 Rc8 24. Kg2 Qe7 25. Nf4 Nc5 26. Rdd1 Qe4+ 27. Kh2 Qe5 28. Nf3 Qb8 29. Nxd5 Ne4 30. Ne7+ Kg7 31. Nxc8 Qxg3+ 32. Kh1 Qxh3+ 33. Kg1 Qg4+ 34. Kh2 Qg3+ 35. Kh1 Qh3+ 36. Kg1 Qxc8 37. Nh2 Qc5+ 0-1

[Event "SV Jedesheim - Heilbronner SV 2"]
[Site "?"]
[Date "2024.02.18"]
[Round "6.6"]
[White "Roemer, Ulrich"]
[Black "Geshnizjani, Ramin"]
[Result "1/2-1/2"]
[WhiteElo "2187"]
[BlackElo "2139"]
[PlyCount "23"]
[EventDate "2024.??.??"]

1. d4 d5 2. Nf3 Nf6 3. e3 e6 4. Bd3 c5 5. b3 Bd6 6. O-O O-O 7. Bb2 Nc6 8. c4 b6 9. Nc3 cxd4 10. exd4 Nb4 11. Be2 Ba6 12. a3 1/2-1/2

[Event "SV Jedesheim - Heilbronner SV 2"]
[Site "?"]
[Date "2024.02.18"]
[Round "6.7"]
[White "Schaefer, Daniel"]
[Black "Stiepan, Hans-Michael"]
[Result "0-1"]
[WhiteElo "1913"]
[BlackElo "2128"]
[PlyCount "82"]
[EventDate "2024.??.??"]

1. d4 e6 2. c4 Nf6 3. Nc3 Bb4 4. Qc2 c5 5. dxc5 O-O 6. Nf3 Na6 7. g3 Nxc5 8. Bg2 b6 9. Nd4 Bb7 10. O-O Bxg2 11. Kxg2 Bxc3 12. Qxc3 Rc8 13. b3 d5 14. Rd1 dxc4 15. Ba3 cxb3 16. Nxb3 Qc7 17. Nxc5 bxc5 18. Rac1 Rfe8 19. Qc4 Nd7 20. Kg1 Qb7 21. Qd3 Rc7 22. Rc3 h6 23. Rdc1 Rec8 24. Qc2 c4 25. Qa4 Nb6 26. Qb5 Qd5 27. Qb4 h5 28. Bb2 Qd2 29. R1c2 Qd1+ 30. Kg2 Nd5 31. Qa5 Nxc3 32. Qxc3 Qd5+ 33. f3 f6 34. h4 Rd7 35. Kh2 e5 36. Kg2 e4 37. f4 e3+ 38. Kh2 Qe4 39. Rc1 Rd2 40. Re1 Rc2 41. Qa3 Qf3 0-1

[Event "SV Jedesheim - Heilbronner SV 2"]
[Site "?"]
[Date "2024.02.18"]
[Round "6.8"]
[White "Jaskulski, Jan"]
[Black "Ludwig, Sebastian"]
[Result "1/2-1/2"]
[WhiteElo "2000"]
[BlackElo "1952"]
[PlyCount "61"]
[EventDate "2024.??.??"]

1. e4 c6 2. Nf3 d5 3. Nc3 dxe4 4. Nxe4 Nf6 5. Nxf6+ exf6 6. d4 Bd6 7. Bd3 O-O 8. O-O Nd7 9. c4 c5 10. d5 Ne5 11. Nxe5 fxe5 12. f4 f5 13. fxe5 Bxe5 14. Qh5 g6 15. Qh6 Qd6 16. Bf4 Bd7 17. Rae1 Bxf4 18. Qxf4 Qxf4 19. Rxf4 Rae8 20. Rff1 Rxe1 21. Rxe1 Kf7 22. Kf2 Kf6 23. Bc2 b5 24. cxb5 Bxb5 25. Re6+ Kf7 26. Bb3 Rd8 27. d6 c4 28. Re5 cxb3 29. Rxb5 bxa2 30. Ra5 Rxd6 31. Rxa7+ 1/2-1/2

[Event "SG Schwäbisch Gmünd - Stuttgarter SF"]
[Site "?"]
[Date "2024.02.18"]
[Round "6.1"]
[White "Kvetny, Mark"]
[Black "Velicka, Petr"]
[Result "0-1"]
[WhiteElo "2413"]
[BlackElo "2357"]
[PlyCount "94"]
[EventDate "2024.??.??"]

1. d4 d5 2. Bf4 c5 3. e3 Nc6 4. c3 Nf6 5. Nd2 cxd4 6. exd4 Bf5 7. Qb3 Qc8 8. Ngf3 e6 9. Nh4 Be4 10. Nxe4 Nxe4 11. Nf3 Bd6 12. Bxd6 Nxd6 13. Bd3 Rb8 14. a4 a6 15. Qc2 Qc7 16. O-O h6 17. Rae1 O-O 18. Re3 b5 19. axb5 axb5 20. Nh4 Rfc8 21. Qe2 Qe7 22. g3 Nc4 23. Bxc4 bxc4 24. f4 Qa7 25. Rf2 Ne7 26. g4 Rb6 27. f5 Rcb8 28. fxe6 f6 29. Nf5 Nxf5 30. gxf5 Rxb2 31. Qf3 Qa1+ 32. Rf1 Rb1 33. Rxb1 Rxb1+ 34. Kg2 Rg1+ 35. Kh3 Kf8 36. Re2 Qf1+ 37. Qxf1 Rxf1 38. e7+ Ke8 39. Kg4 Rg1+ 40. Kf3 h5 41. Ra2 Rf1+ 42. Rf2 Rc1 43. Rg2 Rxc3+ 44. Kf4 Rd3 45. Rxg7 Rxd4+ 46. Kf3 c3 47. Ke3 c2 0-1

[Event "SG Schwäbisch Gmünd - Stuttgarter SF"]
[Site "?"]
[Date "2024.02.18"]
[Round "6.2"]
[White "Jurek, Josef"]
[Black "Neyman, Igor"]
[Result "1/2-1/2"]
[WhiteElo "2202"]
[BlackElo "2305"]
[PlyCount "33"]
[EventDate "2024.??.??"]

1. Nf3 c5 2. c4 g6 3. g3 Bg7 4. Bg2 Nc6 5. Nc3 d6 6. O-O e6 7. e3 Nge7 8. d4 O-O 9. d5 Na5 10. Nd2 Rb8 11. Qc2 exd5 12. cxd5 b5 13. e4 b4 14. Nd1 Ba6 15. Re1 c4 16. Nf3 Qc7 17. Be3 1/2-1/2

[Event "SG Schwäbisch Gmünd - Stuttgarter SF"]
[Site "?"]
[Date "2024.02.18"]
[Round "6.4"]
[White "Bergner, Philipp"]
[Black "Strunski, Andreas"]
[Result "0-1"]
[WhiteElo "2153"]
[BlackElo "2304"]
[PlyCount "120"]
[EventDate "2024.??.??"]

1. e4 c5 2. Nf3 e6 3. d4 cxd4 4. Nxd4 Nc6 5. Nb5 d6 6. c4 a6 7. N5c3 Nf6 8. Be2 Be7 9. O-O O-O 10. Bf4 b6 11. Re1 Ne5 12. Nd2 Bb7 13. a3 Rc8 14. Rc1 Qc7 15. b4 Qb8 16. Qb3 Bd8 17. Bg3 Bc7 18. c5 dxc5 19. bxc5 b5 20. a4 Rfd8 21. Nf3 Nxf3+ 22. Bxf3 Nd7 23. c6 Bxc6 24. axb5 Bxg3 25. hxg3 Nc5 26. Qa3 Bxb5 27. Nxb5 Qxb5 28. Re3 Nd7 29. Be2 Rxc1+ 30. Qxc1 Qb6 31. Rd3 Nb8 32. Qb2 Qa5 33. Qc3 Qg5 34. f4 Qe7 35. Rxd8+ Qxd8 36. Qc5 h6 37. e5 g6 38. Kf2 a5 39. Bb5 Kg7 40. Ke2 Qf8 41. Qb6 Qb4 42. Qxb8 a4 43. Ke3 Qb1 44. Qe8 Qc1+ 45. Kd3 Qd1+ 46. Ke3 Qb3+ 47. Kf2 a3 48. Qe7 Qb2+ 49. Kf3 Qxb5 50. Qxa3 Qf1+ 51. Ke4 Qxg2+ 52. Kd4 h5 53. Qc3 Qf2+ 54. Ke4 h4 55. gxh4 Qxh4 56. Qf3 g5 57. Ke3 Qxf4+ 58. Qxf4 gxf4+ 59. Kxf4 Kh6 60. Kg4 Kg6 0-1

[Event "SG Schwäbisch Gmünd - Stuttgarter SF"]
[Site "?"]
[Date "2024.02.18"]
[Round "6.5"]
[White "Hofmann, Martin"]
[Black "Hoenick, Andreas"]
[Result "1/2-1/2"]
[WhiteElo "2208"]
[BlackElo "2102"]
[PlyCount "29"]
[EventDate "2024.??.??"]

1. d4 d5 2. Nf3 Nf6 3. g3 e6 4. Bg2 Be7 5. O-O b5 6. a4 b4 7. c4 bxc3 8. bxc3 O-O 9. Nbd2 c5 10. Ne5 cxd4 11. cxd4 Qb6 12. Ndc4 Qa6 13. Ba3 Bxa3 14. Nxa3 Bd7 15. Nac4 1/2-1/2

[Event "SG Schwäbisch Gmünd - Stuttgarter SF"]
[Site "?"]
[Date "2024.02.18"]
[Round "6.6"]
[White "Weiss, Andreas"]
[Black "Fritsch, Rolf"]
[Result "0-1"]
[WhiteElo "2054"]
[BlackElo "2195"]
[PlyCount "126"]
[EventDate "2024.??.??"]

1. e4 g6 2. d4 Bg7 3. Nc3 d6 4. Nf3 a6 5. Be2 b5 6. O-O Bb7 7. Re1 Nd7 8. a4 b4 9. Na2 Bxe4 10. Ng5 Bb7 11. Bf3 c6 12. Nxb4 Qb6 13. c3 a5 14. Nd3 h6 15. Ne4 Kf8 16. h4 Ngf6 17. Nf4 Re8 18. Ng3 h5 19. Qc2 Kg8 20. Be3 Qc7 21. Rad1 e5 22. Nh3 d5 23. dxe5 Nxe5 24. Be2 Bc8 25. Ng5 Bg4 26. Bf4 c5 27. Bxe5 Rxe5 28. Bf3 Bxf3 29. Nxf3 Rxe1+ 30. Rxe1 Bh6 31. Qe2 Bf4 32. Qe7 Kg7 33. Qxc7 Bxc7 34. Re7 Bxg3 35. fxg3 Ne4 36. Rd7 Rb8 37. Rxd5 Rxb2 38. Kh2 Ra2 39. g4 hxg4 40. Ng5 Rxa4 41. Nxe4 Rxe4 42. Rxc5 a4 43. Ra5 Rc4 44. g3 f5 45. Kg2 Kh6 46. Ra6 f4 47. gxf4 Rxf4 48. Ra5 Rc4 49. Kf2 Rxc3 50. Rxa4 Kh5 51. Kg2 Kxh4 52. Ra2 Rc4 53. Kg1 g3 54. Kg2 Rf4 55. Ra6 Rf2+ 56. Kg1 g5 57. Ra8 Kg4 58. Rb8 Re2 59. Ra8 g2 60. Ra4+ Kh3 61. Ra3+ Kh4 62. Rb3 g4 63. Rh3+ gxh3 0-1

[Event "SG Schwäbisch Gmünd - Stuttgarter SF"]
[Site "?"]
[Date "2024.02.18"]
[Round "6.7"]
[White "Lorscheid, Gerhard"]
[Black "Lang, Thomas"]
[Result "0-1"]
[WhiteElo "2121"]
[BlackElo "2002"]
[PlyCount "70"]
[EventDate "2024.??.??"]

1. Nf3 Nf6 2. b3 g6 3. Bb2 Bg7 4. g3 b6 5. Bg2 Bb7 6. O-O O-O 7. c4 c5 8. e3 d6 9. d4 cxd4 10. exd4 e6 11. Nc3 Qd7 12. Re1 Na6 13. Qd2 Rac8 14. Rad1 Rfd8 15. Qe2 Qe8 16. Nb5 Nc7 17. a4 a5 18. Ba3 Nxb5 19. axb5 Ne4 20. Rc1 d5 21. Ne5 Bxe5 22. dxe5 Nc5 23. cxd5 Bxd5 24. Bxc5 bxc5 25. Ra1 Ra8 26. Rec1 Bxg2 27. Kxg2 Rd5 28. Ra4 Qd8 29. Qe3 Qb6 30. Qh6 Qb7 31. Kh3 Rxe5 32. Rh4 f6 33. Rd1 Rd5 34. Rxd5 exd5 35. Qe3 Qd7+ 0-1

[Event "SG Schwäbisch Gmünd - Stuttgarter SF"]
[Site "?"]
[Date "2024.02.18"]
[Round "6.8"]
[White "Bader, Gerd"]
[Black "Migl, Dieter"]
[Result "1/2-1/2"]
[WhiteElo "2032"]
[BlackElo "2137"]
[PlyCount "112"]
[EventDate "2024.??.??"]

1. e4 c6 2. d3 d5 3. Nd2 e5 4. Ngf3 Bd6 5. Be2 Nf6 6. O-O O-O 7. c3 Nbd7 8. Qc2 Re8 9. Re1 Nf8 10. Bf1 Bg4 11. h3 Bxf3 12. Nxf3 dxe4 13. dxe4 Ne6 14. Be3 a5 15. a4 Qc7 16. Bc4 b6 17. Rad1 Bc5 18. Bxc5 Nxc5 19. Ng5 Re7 20. Rd2 h6 21. Nf3 Rd8 22. Rxd8+ Qxd8 23. b4 Nb7 24. Rd1 Qc7 25. Ba2 Rd7 26. Rxd7 Nxd7 27. Qb3 Nd8 28. Qd1 Nb7 29. Qb3 Nd8 30. Qd1 Nb7 31. Qe2 Nd6 32. Nh4 c5 33. bxa5 bxa5 34. Ng6 Kh7 35. Ne7 Nf6 36. Nd5 Nxd5 37. Bxd5 Qd8 38. g3 g5 39. Qa6 Qc7 40. Qe2 Kg6 41. h4 Qd7 42. hxg5 hxg5 43. Qa6 Qc7 44. Kg2 Kg7 45. Qe2 Kg6 46. Qe3 Ne8 47. Qf3 Nd6 48. Qg4 Qc8 49. Qe2 Qd8 50. Qb2 Qc7 51. c4 Ne8 52. Qc3 Nf6 53. Qf3 Qd7 54. Qc3 Qc7 55. Qf3 Qd7 56. Qc3 Qc7 1/2-1/2